मैं सुभाष बोल रहा हूँ (Record no. 3837)

MARC details
000 -LEADER
fixed length control field 01143 a2200241 4500
005 - DATE AND TIME OF LATEST TRANSACTION
control field 20080912113258.0
008 - FIXED-LENGTH DATA ELEMENTS--GENERAL INFORMATION
fixed length control field 080912t xxu||||| |||| 00| 0 hin d
010 ## - LIBRARY OF CONGRESS CONTROL NUMBER
LC control number HIN-79826
020 ## - INTERNATIONAL STANDARD BOOK NUMBER
Terms of availability 150.00
International Standard Book Number 8190196006
035 ## - SYSTEM CONTROL NUMBER
System control number HN-52172
037 ## - SOURCE OF ACQUISITION
Source of stock number/acquisition D.B.Act / pub
082 ## - DEWEY DECIMAL CLASSIFICATION NUMBER
Classification number 822
100 ## - MAIN ENTRY--PERSONAL NAME
Personal name तिवारी, मोहन
245 ## - TITLE STATEMENT
Title मैं सुभाष बोल रहा हूँ
Statement of responsibility, etc मोहन तिवारी
Remainder of title (तुम मुझे खून दो, मैं तम्हें आजादी दूँगा)
246 ## - VARYING FORM OF TITLE
Title proper/short title Main Subhas bol raha hun
Remainder of title by Mohan Tiwari
260 ## - PUBLICATION, DISTRIBUTION, ETC. (IMPRINT)
Place of publication, distribution, etc इलाहाबाद
Name of publisher, distributor, etc शालिनी प्रकाशन
Date of publication, distribution, etc 2005
270 ## - ADDRESS
Address 17/ए शिवकुटी
City इलाहाबाद
300 ## - PHYSICAL DESCRIPTION
Extent 160पृ.
Dimensions 22 सेमी (सजिल्द)
650 ## - SUBJECT ADDED ENTRY--TOPICAL TERM
Topical term or geographic name as entry element हिन्दी नाटक
650 ## - SUBJECT ADDED ENTRY--TOPICAL TERM
Topical term or geographic name as entry element Hindi Play
942 ## - ADDED ENTRY ELEMENTS (KOHA)
Institution code [OBSOLETE] dpl
Koha item type Hindi Books
Call number prefix 822 / तिवारी
Source of classification or shelving scheme Dewey Decimal Classification
Classification part 822
Call number suffix तिवारी
Holdings
Withdrawn status Lost status Damaged status Not for loan Home library Current library Date acquired Cost, normal purchase price Total Checkouts Full call number Barcode Date last seen Copy number Uniform Resource Identifier Cost, replacement price Price effective from Koha item type
        D.B.Act.Division D.B.Act.Division 12/09/2008 150.00   822 तिवारी HN-52172 15/09/2008 1 4077 150.00 15/09/2008 Hindi Books

© Delhi Public Library
Hit Counter
free hit counter